| 000 | 00722cam a2200193 i 4500 | ||
|---|---|---|---|
| 005 | 20251109111814.0 | ||
| 008 | 250721s2010 jo gr 000 0 ara d | ||
| 082 | 1 | 4 |
_a155.4 _bزع ي |
| 100 | 1 |
_aزعيزع، عبدالله _eمؤلف. |
|
| 245 | 1 | 0 |
_aمشكلات الأطفال الشائعة : _bالاسباب - طرق الوقاية - إجراءات العلاج / _cتأليف أ. عبد الله ابو زعيزع. |
| 264 | 3 | 1 |
_aعمان : _bالمؤلف، _c2010. |
| 300 | _a158صفحة. | ||
| 650 | 1 | 7 | _aالسلوك. |
| 650 | 1 | 7 | _aرعاية الاطفال. |
| 650 | 1 | 7 | _aسيكولوجية الاطفال. |
| 650 | 1 | 7 | _aرعاية الاطفال. |
| 942 |
_2ddc _cBK |
||
| 999 |
_c123200 _d123200 |
||